[Event "Florianopolis op 9th"]
[Site "Florianopolis"]
[Date "2023.01.29"]
[Round "10"]
[White "Carmo, Jose Arlindo"]
[Black "Moreira, Paulo Vinicius Mace"]
[Result "1/2-1/2"]
[WhiteElo "1562"]
[BlackElo "1800"]
[PlyCount "81"]
[EventDate "2023.01.23"]
[EventType "swiss"]
[EventRounds "10"]
[EventCountry "BRA"]
[SourceTitle "CBM 212 Extra"]
[Source "ChessBase"]
[SourceDate "2023.03.31"]
[SourceVersion "1"]
[SourceVersionDate "2023.03.31"]
[SourceQuality "1"]

1. e4 e5 2. Nf3 Nf6 3. d4 Nxe4 4. Bd3 d5 5. Nxe5 Bd6 6. 0-0 0-0 7. Nc3 f5 8. f3 Nxc3 9. bxc3 f4 10. c4 c6 11. cxd5 cxd5 12. Rb1 Nc6 13. Nxc6 bxc6 14. c4 Rf6 15. c5 Bc7 16. Rb2 h5 17. Qe1 Rh6 18. Rff2 h4 19. Rfe2 Bd7 20. Re7 Kf8 21. Rbe2 Ba5 22. Bd2 Bxd2 23. Qxd2 Qxe7 24. Rxe7 Kxe7 25. Qxf4 h3 26. Qe5+ Kf7 27. Qc7 Ke8 28. g4 Re6 29. Kf2 g5 30. Bf5 Rc8 31. Qxa7 Re7 32. Bg6+ Kf8 33. Qa5 Kg7 34. Bd3 Kf7 35. Kg3 Rf8 36. Bc2 Rfe8 37. Qd2 Kf6 38. Kxh3 Rh7+ 39. Kg3 Reh8 40. Qe1 Re7 41. Qc1 1/2-1/2